01294nam a2200313Ia 4500001001200000003000800012006001900020007001500039008004100054020001800095020001800113040002100131035002100152050002400173245013500197250001200332260006200344300002500406490006500431504005300496533015200549650002800701650003800729650002100767655002900788700002000817710001700837856012600854ebr10310682CaPaEBRm u cr cn|||||||||090822s2008 enka sb 001 0 eng d z9780762314881 z9781849505284 aCaPaEBRcCaPaEBR a(OCoLC)63276116914aZ678b.A3326 2008eb00aAdvances in library administration and organization.nVolume 26h[electronic resource] /cedited by Edward D. Garten ... [et al.]. a1st ed. aBingley, UK :bJAI Press ;aAmsterdam :bElsevier,c2008. axiii, 366 p. :bill.0 aAdvances in library administration and organization ;vv. 26 aIncludes bibliographical references and indexes. aElectronic reproduction.bPalo Alto, Calif. :cebrary,d2013.nAvailable via World Wide Web.nAccess may be limited to ebrary affiliated libraries. 0aLibrary administration. 0aInformation servicesxManagement. 0aLibrary science. 7aElectronic books.2local1 aGarten, Edward.2 aebrary, Inc.40uhttp://site.ebrary.com/lib/rucke/Doc?id=10310682zAn electronic book accessible through the World Wide Web; click to view